[Event "GER-ch Net blitz qual2"]
[Site "Playchess.com INT"]
[Date "2021.05.04"]
[Round "4"]
[White "Feuerstack, Aljoscha"]
[Black "Riesner, Daniel"]
[Result "1-0"]
[WhiteElo "2344"]
[BlackElo "2108"]
[PlyCount "105"]
[EventDate "2021.05.04"]
[EventType "swiss (blitz)"]
[EventRounds "11"]
[EventCountry "GER"]
[SourceTitle "CBM 202 Extra"]
[Source "ChessBase"]
[SourceDate "2021.07.31"]
[SourceVersion "1"]
[SourceVersionDate "2021.07.31"]
[SourceQuality "1"]

1. e4 e5 2. Bc4 Nf6 3. d3 Nc6 4. Nc3 Na5 5. Qf3 Nxc4 6. dxc4 Bb4 7. Nge2 d6 8. Bg5 Be6 9. b3 h6 10. Bxf6 Qxf6 11. Qxf6 gxf6 12. 0-0-0 Ba3+ 13. Kb1 c6 14. f4 Rg8 15. f5 Bd7 16. Ng3 Ke7 17. Rd2 Bb4 18. Kb2 a5 19. a3 Bc5 20. Rhd1 Bd4 21. Nge2 Rxg2 22. Nxd4 Rxd2 23. Rxd2 exd4 24. Rxd4 Rg8 25. Rd3 Rg5 26. Rh3 h5 27. Ne2 d5 28. cxd5 cxd5 29. exd5 Bxf5 30. Re3+ Kd6 31. c4 Rg2 32. Kc3 Rxh2 33. b4 axb4+ 34. axb4 b6 35. Nd4 Bd7 36. Rf3 Rh3 37. Rxh3 Bxh3 38. Nf3 Bg4 39. Nh4 f5 40. Kd4 f4 41. c5+ bxc5+ 42. bxc5+ Kd7 43. Ke4 Bd1 44. Kxf4 Bb3 45. Ke5 Ke7 46. Nf5+ Kd7 47. Nd4 Ba2 48. d6 h4 49. c6+ Kd8 50. d7 Be6 51. Kd6 Bxd7 52. cxd7 h3 53. Nc6# 1-0

[Event "GER Cup Net V1 U2000"]
[Site "Playchess.com INT"]
[Date "2020.05.19"]
[Round "9"]
[White "Mueller, Achim2222"]
[Black "Riesner, Daniel"]
[Result "0-1"]
[WhiteElo "1776"]
[BlackElo "2144"]
[PlyCount "40"]
[EventDate "2020.05.19"]
[EventType "swiss (blitz)"]
[EventRounds "9"]
[EventCountry "GER"]
[SourceTitle "EXT 2021"]
[Source "ChessBase"]
[SourceDate "2020.10.23"]
[SourceVersion "1"]
[SourceVersionDate "2020.10.23"]
[SourceQuality "1"]

1. e4 e5 2. Nf3 Nc6 3. Be2 Nf6 4. d4 exd4 5. e5 Nd5 6. c3 Nb6 7. cxd4 d5 8. 0-0 Be7 9. Nc3 0-0 10. a3 Bg4 11. h3 Bh5 12. Qd3 Bg6 13. Qe3 Qd7 14. Nh2 Nd8 15. f4 f5 16. g4 Ne6 17. Bd3 c5 18. gxf5 Bxf5 19. Bxf5 Rxf5 20. dxc5 Bxc5 0-1

[Event "GER Cup Net V1 U2000"]
[Site "Playchess.com INT"]
[Date "2020.05.19"]
[Round "8"]
[White "Riesner, Daniel"]
[Black "Kestler, Martin"]
[Result "1-0"]
[WhiteElo "2144"]
[BlackElo "1957"]
[PlyCount "83"]
[EventDate "2020.05.19"]
[EventType "swiss (blitz)"]
[EventRounds "9"]
[EventCountry "GER"]
[SourceTitle "EXT 2021"]
[Source "ChessBase"]
[SourceDate "2020.10.23"]
[SourceVersion "1"]
[SourceVersionDate "2020.10.23"]
[SourceQuality "1"]

1. d4 d5 2. c4 e6 3. Nf3 Nf6 4. g3 Be7 5. Bg2 0-0 6. 0-0 c5 7. cxd5 Nxd5 8. e4 Nf6 9. Nc3 cxd4 10. Nxd4 Nc6 11. Nxc6 bxc6 12. Bf4 Ba6 13. Qxd8 Rfxd8 14. Rfd1 Rxd1+ 15. Rxd1 Rd8 16. Rxd8+ Bxd8 17. Be5 Nd7 18. Bd4 Bb6 19. Bxb6 axb6 20. Bf1 Bxf1 21. Kxf1 Nc5 22. Ke2 Kf8 23. b4 Nb7 24. Kd3 b5 25. e5 Ke7 26. Ne4 h6 27. f4 f5 28. Nd2 g6 29. Nb3 Kd7 30. Kd4 g5 31. h4 gxh4 32. gxh4 Nd8 33. Na5 h5 34. Kc5 Kc7 35. Kd4 Nf7 36. Kc5 Nd8 37. a3 Kd7 38. Kb6 Nf7 39. Nxc6 Nh6 40. Kxb5 Ng4 41. Nd4 Ne3 42. Kc5 1-0

[Event "GER-ch Net blitz qual5"]
[Site "Playchess.com INT"]
[Date "2020.03.28"]
[Round "6"]
[White "Riesner, Daniel"]
[Black "Muse, Drazen"]
[Result "1/2-1/2"]
[WhiteElo "1967"]
[BlackElo "2339"]
[PlyCount "132"]
[EventDate "2020.03.28"]
[EventType "swiss (blitz)"]
[EventRounds "13"]
[EventCountry "GER"]
[SourceTitle "CBM 195 Extra"]
[Source "ChessBase"]
[SourceDate "2020.05.31"]
[SourceVersion "1"]
[SourceVersionDate "2020.05.31"]
[SourceQuality "1"]

1. d4 g6 2. c4 Bg7 3. Nf3 d6 4. Nc3 Nf6 5. g3 0-0 6. Bg2 c6 7. 0-0 Qa5 8. Qd2 Qh5 9. Qg5 Qxg5 10. Bxg5 h6 11. Bf4 Na6 12. h3 Bf5 13. a3 Ne4 14. Nxe4 Bxe4 15. Rfd1 g5 16. Be3 d5 17. Rac1 Rac8 18. c5 Nc7 19. h4 f6 20. hxg5 fxg5 21. Bh3 Bf5 22. Bg2 Ne6 23. b4 a6 24. a4 Bf6 25. Ne5 Rfd8 26. f3 Bxe5 27. dxe5 d4 28. Bf2 h5 29. e3 dxe3 30. Bxe3 g4 31. f4 Nc7 32. Kf2 Nd5 33. Bxd5+ cxd5 34. Bd4 e6 35. b5 axb5 36. axb5 Ra8 37. Ra1 Bc2 38. Rdc1 Ba4 39. Rcb1 Bc2 40. Rc1 Bd3 41. c6 bxc6 42. bxc6 Rxa1 43. Rxa1 Rc8 44. Ra5 Rxc6 45. Rc5 Ra6 46. Rc8+ Kg7 47. Bc5 Ra2+ 48. Ke3 Bc4 49. Be7 Re2+ 50. Kd4 Rg2 51. Bf6+ Kg6 52. Bh4 Rd2+ 53. Kc5 d4 54. Rg8+ Kf7 55. Rd8 Bd5 56. Rd7+ Kg6 57. Rd8 d3 58. Rf8 Rc2+ 59. Kd6 d2 60. Rf6+ Kg7 61. Ke7 d1Q 62. Rf7+ Kg8 63. Rf8+ Kh7 64. Rf7+ Kg8 65. Rf8+ Kh7 66. Rf7+ Kg8 1/2-1/2

[Event "GER-ch Net blitz qual5"]
[Site "Playchess.com INT"]
[Date "2020.03.28"]
[Round "12"]
[White "Riesner, Daniel"]
[Black "Wagner, Dennis"]
[Result "1/2-1/2"]
[WhiteElo "1967"]
[BlackElo "2581"]
[PlyCount "201"]
[EventDate "2020.03.28"]
[EventType "swiss (blitz)"]
[EventRounds "13"]
[EventCountry "GER"]
[SourceTitle "CBM 195 Extra"]
[Source "ChessBase"]
[SourceDate "2020.05.31"]
[SourceVersion "1"]
[SourceVersionDate "2020.05.31"]
[SourceQuality "1"]

1. d4 d6 2. c4 e5 3. Nc3 exd4 4. Qxd4 Nc6 5. Qd2 g6 6. b3 Bg7 7. Bb2 a5 8. Nf3 Nf6 9. g3 0-0 10. Bg2 Nd7 11. 0-0 Re8 12. Rfe1 Nde5 13. Nxe5 Nxe5 14. h3 Qe7 15. Nd5 Qd8 16. Kh1 c6 17. Nc3 Qe7 18. Rad1 Rd8 19. Ne4 d5 20. cxd5 Rxd5 21. Qg5 Qxg5 22. Nxg5 Rxd1 23. Rxd1 Bf5 24. Ne4 a4 25. f4 Bxe4 26. Bxe4 Nd3 27. Bxd3 Bxb2 28. Bc2 axb3 29. Bxb3 Kf8 30. Rd7 f5 31. Rxb7 Rd8 32. Rf7+ Ke8 33. Rc7 Rd2 34. Bc4 Rc2 35. Rxc6 Kd7 36. Rc5 Rc1+ 37. Kg2 Ba3 38. Rd5+ Kc6 39. Bb3 Bc5 40. Rd1 Rxd1 41. Bxd1 Kd6 42. Bb3 h6 43. Kf3 g5 44. Bc2 Ke6 45. a4 gxf4 46. gxf4 Bb6 47. Bb3+ Kf6 48. Bc4 Kg6 49. Bb5 Kf6 50. Kg2 Kg6 51. Bc6 Kf6 52. Kf1 Kg6 53. Bf3 Kf6 54. Ke1 Be3 55. a5 Bxf4 56. a6 Be3 57. Kd1 Kg5 58. Kc2 Kh4 59. Kd3 f4 60. Bg4 h5 61. Bd7 Kg3 62. Ke4 Kf2 63. Bb5 Kg3 64. Bd7 Kf2 65. Kd3 Ba7 66. Bc8 f3 67. exf3 Kxf3 68. Kc4 h4 69. Kd5 Kf4 70. Kc6 Kg5 71. Kb7 Bd4 72. Bg4 Kh6 73. Kc6 Kh7 74. Kd5 Ba7 75. Ke6 Kh6 76. Kf6 Bf2 77. Kf5 Bd4 78. Bf3 Ba7 79. Kg4 Bf2 80. Be4 Kg7 81. Bd3 Kh8 82. Kf3 Ba7 83. Ke4 Kg7 84. Kd5 Kh6 85. Kc6 Kg7 86. Kb7 Bd4 87. a7 Bxa7 88. Kxa7 Kf6 89. Kb7 Kg7 90. Kc7 Kh8 91. Kd7 Kg7 92. Ke6 Kh8 93. Kf6 Kg8 94. Kg6 Kh8 95. Be2 Kg8 96. Bg4 Kh8 97. Kf7 Kh7 98. Be6 Kh8 99. Bd5 Kh7 100. Bb3 Kh8 101. Kg6 1/2-1/2

[Event "GER-ch Net blitz qual3"]
[Site "Playchess.com INT"]
[Date "2020.03.21"]
[Round "7"]
[White "Riesner, Daniel"]
[Black "Siebrecht, Sebastian"]
[Result "0-1"]
[WhiteElo "1967"]
[BlackElo "2429"]
[PlyCount "62"]
[EventDate "2020.03.21"]
[EventType "swiss (blitz)"]
[EventRounds "9"]
[EventCountry "GER"]
[SourceTitle "CBM 195 Extra"]
[Source "ChessBase"]
[SourceDate "2020.05.31"]
[SourceVersion "1"]
[SourceVersionDate "2020.05.31"]
[SourceQuality "1"]

1. d4 g6 2. c4 Bg7 3. Nf3 d6 4. Nc3 Nf6 5. g3 0-0 6. Bg2 Nbd7 7. 0-0 a6 8. e4 Rb8 9. Qc2 e5 10. Rd1 exd4 11. Nxd4 Nc5 12. b4 Ne6 13. Nxe6 Bxe6 14. Bg5 h6 15. Bf4 Bxc4 16. Rac1 Qe7 17. Nd5 Bxd5 18. exd5 Rbc8 19. Bh3 Nd7 20. Re1 Qd8 21. Qd2 g5 22. Be3 f5 23. Bd4 Bxd4 24. Qxd4 Ne5 25. Rxe5 dxe5 26. Qxe5 Qd6 27. Qd4 Rcd8 28. Bg2 Rfe8 29. h3 Rd7 30. Qa7 Qxb4 31. Rd1 Qb6 0-1

[Event "GER-ch Net blitz qual3"]
[Site "Playchess.com INT"]
[Date "2020.03.21"]
[Round "8"]
[White "Von Herman, Brigitte"]
[Black "Riesner, Daniel"]
[Result "0-1"]
[WhiteElo "2085"]
[BlackElo "1967"]
[PlyCount "88"]
[EventDate "2020.03.21"]
[EventType "swiss (blitz)"]
[EventRounds "9"]
[EventCountry "GER"]
[SourceTitle "CBM 195 Extra"]
[Source "ChessBase"]
[SourceDate "2020.05.31"]
[SourceVersion "1"]
[SourceVersionDate "2020.05.31"]
[SourceQuality "1"]

1. e4 e5 2. Nf3 Nc6 3. Bc4 Bc5 4. d3 Nf6 5. c3 0-0 6. Bb3 d5 7. Qe2 dxe4 8. dxe4 a5 9. 0-0 Qe7 10. Nbd2 Nh5 11. Nc4 a4 12. Bc2 Bg4 13. h3 Ng3 14. Kh2 Nxf1+ 15. Qxf1 Bd7 16. Qe2 f6 17. Be3 Rfd8 18. Re1 Na5 19. Nxa5 Rxa5 20. b4 axb3 21. axb3 Bxe3 22. Qxe3 Be6 23. c4 b6 24. Qc3 Ra2 25. Bb1 Ra3 26. Nh4 Qc5 27. Kg1 Qd4 28. Qb4 Ra1 29. Nf3 Qb2 30. Qe7 Rxb1 31. Qxd8+ Kf7 32. Qxc7+ Kg6 33. Rxb1 Qxb1+ 34. Kh2 Qxb3 35. Qc6 Qxc4 36. Qxb6 Qxe4 37. Qc5 Qf4+ 38. Kg1 Bxh3 39. Qc2+ Bf5 40. Qc7 Be4 41. Nh2 Qg5 42. f3 Bf5 43. Qd8 Qe3+ 44. Kf1 Bd3+ 0-1